| 000 | 00605nam a22002177a 4500 | ||
|---|---|---|---|
| 003 | SEM | ||
| 999 |
_c72112 _d72112 |
||
| 005 | 20220608074939.0 | ||
| 008 | 220121s1996 eng||||gr|||||001 0 eng|d | ||
| 020 | _a0281048185 | ||
| 040 |
_aSEM _cSEM |
||
| 041 | _aeng | ||
| 080 | _a809.245/C-68 | ||
| 100 | _aCohn-Sherbok Dan | ||
| 245 |
_aBiblical Hebrew for beginners / _cD. Cohn-Sherbok |
||
| 260 |
_aLondon : _bSociety for Promoting Christian Knowledge, _c1996. |
||
| 300 |
_aX+134 p. ; _c21 cm |
||
| 504 | _aVocabulary p.: 120-124; Answers to exercises p.: 125-134 | ||
| 650 | _aHebrew | ||
| 653 | _aՍԷՄ | ||
| 942 |
_2udc _cBK |
||